[Event "Detroit (MOR/4/37)"]
[Site "?"]
[Date "1994.??.??"]
[Round "?"]
[White "Hartwig, Thomas"]
[Black "Mansour, K."]
[Result "0-1"]
[WhiteElo "1605"]
[BlackElo "1605"]
[PlyCount "63"]
[EventDate "1994.??.??"]

{4/(37)} 1. e4 e5 2. Nf3 Nc6 3. Bc4 h6 4. d4 Bd6 5. dxe5 Bxe5 6. Bxf7+ Kxf7 7.
Nxe5+ Nxe5 8. Qh5+ Ng6 9. Qd5+ Kf8 10. Qh5 Qf6 11. f4 Qh4+ 12. Qxh4 Nxh4 13. f5
Nxg2+ 14. Kf2 Nh4 15. Kg3 g5 16. fxg6 Nxg6 17. Bd2 d6 18. Rf1+ Ke7 19. Nc3 c6
20. Rf3 Ne5 21. Rf2 Nf6 22. Raf1 Rg8+ 23. Kf4 Nh5+ 24. Ke3 Ng4+ 25. Ke2 Nxf2
26. Rxf2 Bg4+ 27. Ke1 Raf8 28. Rg2 Bh3 29. Rxg8 Rxg8 30. Bxh6 Rg2 31. Ne2 Rxh2
32. Bd2 0-1

[Event "Detroit (Class DE/4/13)"]
[Site "?"]
[Date "1994.??.??"]
[Round "?"]
[White "Hartwig, Thomas"]
[Black "Mannor, Keith"]
[Result "0-1"]
[WhiteElo "1605"]
[BlackElo "1605"]
[PlyCount "114"]
[EventDate "1994.??.??"]

{4/(13)} 1. e4 e5 2. Nf3 Nc6 3. Bc4 Bc5 4. c3 d6 5. d4 exd4 6. cxd4 Bb4+ 7. Nc3
Bg4 8. O-O Nge7 9. Bxf7+ Kxf7 10. Ng5+ Ke8 11. Qxg4 Qd7 12. Qxd7+ Kxd7 13. Nf3
Rae8 14. e5 dxe5 15. dxe5 Kc8 16. Bf4 Bxc3 17. bxc3 Nd5 18. Bd2 Nxe5 19. Nxe5
Rxe5 20. c4 Nb6 21. Bc3 Re7 22. c5 Nd5 23. Bd4 b6 24. Rac1 Kb8 25. cxb6 axb6
26. Rfe1 Rhe8 27. Kf1 Nb4 28. Rcd1 Rxe1+ 29. Rxe1 Rxe1+ 30. Kxe1 Nc2+ 31. Kd2
Nxd4 32. Ke3 c5 33. f4 Kc7 34. g4 Kd6 35. Ke4 b5 36. h4 Ne2 37. g5 c4 38. f5
Ng3+ 39. Kf4 Ne2+ 40. Kf3 Nd4+ 41. Ke4 Nxf5 42. h5 Ng3+ 43. Kd4 Nxh5 44. Ke3
Ng3 45. Kf4 Ne2+ 46. Ke3 Nc3 47. a3 Nb1 48. Kd4 Nxa3 49. Kc3 Kc5 50. Kb2 b4 51.
Ka2 c3 52. Kb3 c2 53. Kb2 b3 54. Kc1 Kb4 55. Kb2 Nc4+ 56. Kc1 Kc3 57. g6 b2#
0-1

[Event "Eastpointe (EDO/1b/9)"]
[Site "?"]
[Date "1994.??.??"]
[Round "?"]
[White "Hartwig, Thomas"]
[Black "Kung, Fred"]
[Result "0-1"]
[WhiteElo "1605"]
[BlackElo "1935"]
[PlyCount "100"]
[EventDate "1994.??.??"]

1. e4 e6 2. d4 d5 3. Nd2 c5 4. c3 cxd4 5. cxd4 Nc6 6. Bb5 Bd7 7. Ngf3 Bb4 8. e5
Nge7 9. O-O Qb6 10. Bxc6 Nxc6 11. a3 Be7 12. Nb1 O-O 13. Nc3 f6 14. exf6 Bxf6
15. Be3 Na5 16. b4 Nc4 17. Bf4 Bxd4 18. Qxd4 Qxd4 19. Nxd4 Rxf4 20. Nce2 Rf6
21. Nc2 e5 22. Ne3 Nxe3 23. fxe3 Rxf1+ 24. Rxf1 Bb5 25. Re1 Bxe2 26. Rxe2 Rd8
27. Kf2 Kf7 28. Rc2 Ke6 29. Rc7 Rd7 30. Rxd7 Kxd7 31. Ke2 b5 32. Kd3 Ke6 33. g4
g5 34. Kc3 Kf6 35. Kd3 Kg6 36. e4 d4 37. Kc2 h5 38. h3 Kf6 39. Kb3 Ke6 40. gxh5
Kf6 41. a4 a6 42. axb5 axb5 43. Kc2 Kg7 44. Kd3 Kh6 45. Ke2 Kxh5 46. Kf3 Kh4
47. Kg2 d3 48. Kf3 Kxh3 49. Ke3 Kg3 50. Kxd3 Kf3 0-1

[Event "Detroit (MCO/C/3b/5)"]
[Site "?"]
[Date "1994.??.??"]
[Round "?"]
[White "Hartwig, Thomas"]
[Black "Kim, E."]
[Result "1-0"]
[WhiteElo "1605"]
[BlackElo "1605"]
[PlyCount "90"]
[EventDate "1994.??.??"]

1. e4 c5 2. d4 cxd4 3. Nf3 Nc6 4. Nxd4 e5 5. Nb5 a6 6. Nd6+ Bxd6 7. Qxd6 Qf6 8.
Qxf6 Nxf6 9. Nc3 O-O 10. Bg5 b5 11. Bxf6 gxf6 12. Nd5 Kg7 13. Nb6 Rb8 14. Nxc8
Rbxc8 15. O-O-O Rfd8 16. Kb1 Ne7 17. Be2 f5 18. exf5 Nxf5 19. Bg4 Kg6 20. Bxf5+
Kxf5 21. Rd6 Rc6 22. Rhd1 Rxd6 23. Rxd6 a5 24. Rd5 Rg8 25. g3 Ke6 26. Rxb5 a4
27. Rb4 f5 28. Rxa4 e4 29. a3 Ke5 30. Ra7 Rg7 31. Kc1 h5 32. Kd2 h4 33. Ke3
hxg3 34. hxg3 Ke6 35. Kd4 Rg5 36. b4 Rg4 37. Ke3 d5 38. b5 Ke5 39. b6 d4+ 40.
Ke2 f4 41. b7 f3+ 42. Kd2 e3+ 43. fxe3 Ke4 44. b8=Q dxe3+ 45. Ke1 Rxg3 1-0

[Event "Detroit (MOR/7/36)"]
[Site "?"]
[Date "1994.??.??"]
[Round "?"]
[White "Hartwig, Thomas"]
[Black "Kezele, P."]
[Result "0-1"]
[WhiteElo "1605"]
[BlackElo "1605"]
[PlyCount "89"]
[EventDate "1994.??.??"]

{7/(36)} 1. e4 c5 2. Nf3 d6 3. d4 cxd4 4. Nxd4 g6 5. Nc3 Bg7 6. Be3 Nf6 7. f3
O-O 8. Qd2 Nc6 9. O-O-O Bd7 10. Bc4 a6 11. Nxc6 Bxc6 12. h4 b5 13. Bb3 h5 14.
Nd5 a5 15. Nxf6+ Bxf6 16. Bd5 Rc8 17. Bxc6 Rxc6 18. Bd4 e5 19. Be3 Bxh4 20. Qd5
Qc7 21. Rxh4 Rxc2+ 22. Kb1 Rxg2 23. Rd2 Rg3 24. Qxd6 Qxd6 25. Rxd6 Rxf3 26. Bh6
Rc8 27. Rh1 Rc4 28. Re1 h4 29. Rd2 h3 30. Rc2 Kh7 31. Rxc4 bxc4 32. Bd2 f5 33.
exf5 gxf5 34. Bxa5 Kg6 35. Bc7 e4 36. Re2 f4 37. Rh2 e3 38. Bxf4 Rxf4 39. Rxh3
e2 40. Re3 Rf1+ 41. Kc2 e1=Q 42. Rxe1 Rxe1 43. b3 Re2+ 44. Kc3 cxb3 45. axb3
0-1

[Event "Warren (Warmup"]
[Site "?"]
[Date "1994.??.??"]
[Round "?"]
[White "Hartwig, Thomas"]
[Black "Jointer, William"]
[Result "0-1"]
[WhiteElo "1605"]
[BlackElo "1700"]
[PlyCount "24"]
[EventDate "1994.??.??"]

1. e4 c5 2. Nf3 Nc6 3. d4 cxd4 4. Nxd4 g6 5. c4 Bg7 6. Be3 Qa5+ 7. Nc3 Nf6 8.
Be2 Nxe4 9. Ndb5 a6 10. b4 Nxb4 11. Nxe4 Nc2+ 12. Kf1 Nxa1 0-1

[Event "Trenton (Oct)"]
[Site "?"]
[Date "1994.??.??"]
[Round "?"]
[White "Hartwig, Thomas"]
[Black "Iyer, Krishnan"]
[Result "0-1"]
[WhiteElo "1605"]
[BlackElo "1605"]
[PlyCount "42"]
[EventDate "1994.??.??"]

1. e4 b6 2. d4 Bb7 3. d5 e6 4. c4 Nf6 5. Nc3 Bb4 6. f3 Qe7 7. Nge2 O-O 8. a3
Bd6 9. f4 e5 10. f5 c6 11. Bg5 h6 12. Bxf6 Qxf6 13. Qd2 Na6 14. O-O-O Nc5 15.
Kc2 Be7 16. b4 Na6 17. b5 cxb5 18. cxb5 Nc5 19. Nc1 Qd6 20. a4 Rfc8 21. Nd3
Nxe4 0-1

[Event "Detroit (MOR/3/21)"]
[Site "?"]
[Date "1994.??.??"]
[Round "?"]
[White "Hartwig, Thomas"]
[Black "Alliston, Richard"]
[Result "0-1"]
[WhiteElo "1605"]
[BlackElo "1610"]
[PlyCount "38"]
[EventDate "1994.??.??"]

{3/(21)} 1. e4 e5 2. Nf3 d6 3. d4 exd4 4. Nxd4 Bd7 5. Nc3 Nf6 6. Bc4 Be7 7. O-O
O-O 8. Re1 a6 9. a3 Nc6 10. Nf5 Ne5 11. Nxe7+ Qxe7 12. Ba2 Bc6 13. Nd5 Bxd5 14.
exd5 Qd7 15. Bf4 Rfe8 16. Bg5 Qf5 17. Bxf6 Qxf6 18. Qd2 Qg6 19. f4 Nf3+ 0-1

[Event "Warren (Warmup"]
[Site "?"]
[Date "1994.??.??"]
[Round "?"]
[White "Hartwig, Thomas"]
[Black "Allen, D."]
[Result "0-1"]
[WhiteElo "1605"]
[BlackElo "1605"]
[PlyCount "42"]
[EventDate "1994.??.??"]

1. e4 d5 2. exd5 Nf6 3. d4 Nxd5 4. Nf3 g6 5. c4 Nf6 6. Nc3 Bg7 7. Bg5 O-O 8.
Be2 c6 9. Qb3 b6 10. Qc2 Bf5 11. Bd3 Bxd3 12. Qxd3 Nbd7 13. O-O-O b5 14. cxb5
cxb5 15. Qxb5 Nb6 16. Qe2 Nfd5 17. Nxd5 Nxd5 18. Rhe1 Qa5 19. Kb1 Rab8 20. Ka1
Nc3 21. bxc3 Qxc3+ 0-1

[Event "Detroit (Class DE/4/5)"]
[Site "?"]
[Date "1994.??.??"]
[Round "?"]
[White "Harrison, T."]
[Black "Moore, De"]
[Result "1-0"]
[WhiteElo "1605"]
[BlackElo "1605"]
[PlyCount "43"]
[EventDate "1994.??.??"]

{4/(5)} 1. e4 e5 2. f4 exf4 3. Nf3 a6 4. Bc4 Nc6 5. O-O Bc5+ 6. d4 Bb6 7. Kh1
d6 8. Bxf4 h6 9. Bg3 Bg4 10. Bxf7+ Ke7 11. Nc3 Nf6 12. Bg6 Nxd4 13. Nd5+ Nxd5
14. exd5 Qd7 15. Bh4+ Kf8 16. Ne5+ Kg8 17. Nxg4 Rf8 18. Rxf8+ Kxf8 19. Qf1+ Kg8
20. Re1 Ne6 21. dxe6 Qb5 22. Qf7# 1-0

[Event "Detroit (Class DE/2/2)"]
[Site "?"]
[Date "1994.??.??"]
[Round "?"]
[White "Harrison, T."]
[Black "Mannor, Keith"]
[Result "1-0"]
[WhiteElo "1605"]
[BlackElo "1605"]
[PlyCount "37"]
[EventDate "1994.??.??"]

{2/(2)} 1. e4 e5 2. f4 d6 3. Nf3 Bg4 4. Bc4 Nf6 5. fxe5 dxe5 6. Bxf7+ Ke7 7.
Bb3 Nc6 8. d3 Nd4 9. Nbd2 Ke8 10. O-O Bc5 11. Kh1 Nh5 12. Bf7+ Kd7 13. Nxe5+
Ke7 14. Qxg4 g6 15. Ndc4 Qc8 16. Bg5+ Kf8 17. Be6+ Ke8 18. Bxc8 Rxc8 19. Qd7#
1-0

[Event "Detroit (MI Op/3/34)"]
[Site "?"]
[Date "1994.??.??"]
[Round "?"]
[White "Harris, T."]
[Black "June, Brian"]
[Result "1-0"]
[WhiteElo "2000"]
[BlackElo "1865"]
[PlyCount "91"]
[EventDate "1994.??.??"]

{3/(34)} 1. d4 d5 2. Nf3 Nf6 3. c4 e6 4. g3 c5 5. cxd5 exd5 6. Bg2 Nc6 7. O-O
Be7 8. Nc3 O-O 9. Bg5 cxd4 10. Nxd4 Be6 11. Rc1 Rc8 12. Ncb5 a6 13. Nxc6 Rxc6
14. Rxc6 bxc6 15. Nd4 Qb6 16. b3 c5 17. Nxe6 fxe6 18. Qc2 Qd6 19. Qd3 d4 20.
Qc4 Kh8 21. Bxf6 Bxf6 22. Be4 Qe5 23. Bd3 a5 24. Rc1 Be7 25. Qa6 Qf6 26. Rf1
Bd8 27. Qb5 Qe7 28. Rc1 Qf6 29. f3 Be7 30. Qxa5 Qh6 31. Qe1 Qe3+ 32. Kg2 g5 33.
Qg1 Qe5 34. Rf1 h5 35. Kh1 Bd6 36. Qg2 Rb8 37. Qh3 Kg7 38. Qxh5 Rh8 39. Qg6+
Kf8 40. f4 gxf4 41. Rxf4+ Ke7 42. Qf7+ Kd8 43. Bb5 Qd5+ 44. Rf3 Bxg3 45. Qf6+
Kc7 46. Qxh8 1-0

[Event "Detroit (MI Op/4/22)"]
[Site "?"]
[Date "1994.??.??"]
[Round "?"]
[White "Harris, T."]
[Black "Haakonstad, Olaf"]
[Result "1-0"]
[WhiteElo "2000"]
[BlackElo "1820"]
[PlyCount "89"]
[EventDate "1994.??.??"]

{4/(22)} 1. d4 Nf6 2. c4 e6 3. g3 b6 4. Bg2 d5 5. Nf3 Be7 6. Ne5 O-O 7. O-O Bb7
8. Qa4 Nfd7 9. Nd3 Bc6 10. Qc2 Bf6 11. cxd5 exd5 12. e3 Bb7 13. Nc3 c6 14. b3
Re8 15. Ba3 Be7 16. Bxe7 Qxe7 17. Rac1 Nf6 18. Rfe1 Nbd7 19. Nf4 Ne4 20. Nxe4
dxe4 21. Red1 Nf6 22. Qd2 Rad8 23. b4 h6 24. Rc2 g5 25. Ne2 Nd5 26. a3 f5 27.
Nc3 h5 28. Nxd5 Rxd5 29. Bf1 h4 30. Bc4 Red8 31. Qe2 Kg7 32. Bxd5 Rxd5 33. Rdc1
Rd8 34. b5 hxg3 35. fxg3 Qxa3 36. bxc6 Ba6 37. Qd2 Rc8 38. Ra2 Qd3 39. Qxd3
exd3 40. Rxa6 d2 41. Rd1 Rxc6 42. Rxd2 Rc1+ 43. Kg2 f4 44. exf4 gxf4 45. gxf4
1-0

[Event "Warren (Warmup"]
[Site "?"]
[Date "1994.??.??"]
[Round "?"]
[White "Harris, G."]
[Black "Rosenberg, Steve"]
[Result "1-0"]
[WhiteElo "2055"]
[BlackElo "1805"]
[PlyCount "101"]
[EventDate "1994.??.??"]

1. e4 Nf6 2. Bc4 e5 3. Nc3 Nc6 4. Nge2 Be7 5. d4 exd4 6. Nxd4 Nxd4 7. Qxd4 d6
8. Bg5 c6 9. Rd1 Qa5 10. Bxf6 Bxf6 11. Qxd6 Bxc3+ 12. bxc3 Qxc3+ 13. Rd2 Qa1+
14. Ke2 Qf6 15. Qxf6 gxf6 16. Rd6 Ke7 17. Rhd1 Rg8 18. g3 Bh3 19. f3 h5 20. g4
hxg4 21. Rd7+ Kf8 22. Rxf7+ Ke8 23. Rxb7 gxf3+ 24. Ke3 Rg2 25. Rh7 Bc8 26. Rh8+
Ke7 27. Rdd8 f5 28. e5 f4+ 29. Ke4 Bf5+ 30. Kxf5 Rxd8 31. Rh7+ Ke8 32. Kf6 f2
33. Bf7+ Kd7 34. Bd5+ Kc8 35. Bxg2 f3 36. Bh3+ Kb8 37. e6 Rf8+ 38. Kg7 Re8 39.
Rh8 Rxh8 40. Kxh8 f1=Q 41. Bxf1 Kc7 42. Kg7 a5 43. Kf7 a4 44. e7 a3 45. e8=Q f2
46. Bg2 f1=Q+ 47. Bxf1 Kb6 48. Qe5 c5 49. Qd6+ Ka5 50. c3 Ka4 51. Qa6# 1-0

[Event "Detroit (MI Op/1b/14)"]
[Site "?"]
[Date "1994.??.??"]
[Round "?"]
[White "Harma, K."]
[Black "Taylor, E."]
[Result "1-0"]
[WhiteElo "1845"]
[BlackElo "1920"]
[PlyCount "87"]
[EventDate "1994.??.??"]

1. Nc3 e5 2. Nf3 Nc6 3. d4 exd4 4. Nxd4 Bc5 5. Nxc6 bxc6 6. e4 Qf6 7. Qf3 Qxf3
8. gxf3 a5 9. Be3 Bxe3 10. fxe3 Ne7 11. Rg1 g6 12. O-O-O d6 13. a3 f5 14. Rd4
c5 15. Ra4 O-O 16. Nd5 Nxd5 17. Bc4 Be6 18. Bxd5 Bxd5 19. exd5 Rfe8 20. Kd2 Re5
21. e4 fxe4 22. fxe4 Rh5 23. Rg2 Kf7 24. b4 Re5 25. bxc5 dxc5 26. Rc4 Rae8 27.
Kd3 c6 28. Rxc5 cxd5 29. exd5 Re3+ 30. Kc4 Rxa3 31. Rc7+ Kg8 32. d6 Ra4+ 33.
Kd5 Rf4 34. d7 Rd8 35. Rc8 Rff8 36. Rxd8 Rxd8 37. Kd6 Ra8 38. Ke7 Ra7 39. Ke8
Rxd7 40. Kxd7 a4 41. c4 Kf7 42. Rf2+ Kg7 43. c5 a3 44. c6 1-0

[Event "Detroit (MCO/A/4/6)"]
[Site "?"]
[Date "1994.??.??"]
[Round "?"]
[White "Harma, K."]
[Black "Steverson, Bunnard"]
[Result "1-0"]
[WhiteElo "1845"]
[BlackElo "1915"]
[PlyCount "93"]
[EventDate "1994.??.??"]

{4/(6)} 1. c4 c5 2. Nc3 d6 3. g3 Nc6 4. Bg2 Bd7 5. Nf3 Nf6 6. O-O g6 7. b3 Bg7
8. Bb2 O-O 9. Nd5 e6 10. Nxf6+ Bxf6 11. d4 Qc7 12. Qd2 cxd4 13. Nxd4 Nxd4 14.
Bxd4 Bxd4 15. Qxd4 Bc6 16. e4 f5 17. Rfe1 e5 18. Qd3 Rad8 19. Rad1 Qe7 20. b4
b6 21. exf5 Bxg2 22. Kxg2 Rxf5 23. Qd5+ Kg7 24. c5 bxc5 25. bxc5 e4 26. Qd4+
Qe5 27. cxd6 Qxd4 28. Rxd4 Re5 29. Rexe4 Kf6 30. Rxe5 Kxe5 31. Ra4 Rd7 32. Ra6
g5 33. h4 gxh4 34. g4 Rg7 35. Kh3 Kf4 36. Ra3 Ke5 37. Rd3 Rd7 38. f3 Kf4 39.
Kxh4 Ke5 40. Kg3 Ke6 41. Kf4 Rf7+ 42. Ke4 Rd7 43. f4 Rxd6 44. Rxd6+ Kxd6 45. f5
h6 46. Kd4 a5 47. a4 1-0

[Event "Detroit (MCO/A/5/4)"]
[Site "?"]
[Date "1994.??.??"]
[Round "?"]
[White "Harma, K."]
[Black "Smith, Walt"]
[Result "0-1"]
[WhiteElo "1845"]
[BlackElo "1925"]
[PlyCount "65"]
[EventDate "1994.??.??"]

{5/(4)} 1. e4 c5 2. Nc3 Nc6 3. Bc4 e6 4. f4 g6 5. Nf3 Bg7 6. e5 d5 7. exd6 Nf6
8. O-O O-O 9. d3 Qxd6 10. Ne4 Qe7 11. c3 Na5 12. Ne5 Nxe4 13. dxe4 Bxe5 14. Be2
Bg7 15. g4 b6 16. Rf3 Bb7 17. Bd3 Rfd8 18. Qe2 c4 19. Bc2 Rd7 20. Rh3 Rad8 21.
Be3 f5 22. gxf5 exf5 23. exf5 Rd2 24. Qxd2 Rxd2 25. Bxd2 Qe2 26. Rg3 Qxd2 27.
Ba4 Qd5 28. Kf2 b5 29. Rd1 Qc5+ 30. Ke2 bxa4 31. Rd8+ Bf8 32. Re8 Qxf5 33. Rg5
0-1

[Event "Detroit (MI Op/5/26)"]
[Site "?"]
[Date "1994.??.??"]
[Round "?"]
[White "Harma, K."]
[Black "Profit, Brian"]
[Result "0-1"]
[WhiteElo "1845"]
[BlackElo "2070"]
[PlyCount "60"]
[EventDate "1994.??.??"]

{5/(26)} 1. g3 Nf6 2. c4 g6 3. Nc3 Bg7 4. d4 O-O 5. e4 d6 6. f3 Nbd7 7. Be3 e5
8. d5 Nh5 9. Qd2 f5 10. Bh6 Nc5 11. Bxg7 Kxg7 12. Bd3 f4 13. g4 Qh4+ 14. Kd1
Ng3 15. hxg3 Qxh1 16. Kc2 fxg3 17. Be2 Bd7 18. b4 Na4 19. Rb1 Nxc3 20. Kxc3 Rf7
21. Re1 Rh8 22. Kd3 Rf4 23. Bd1 h5 24. gxh5 gxh5 25. Qe3 h4 26. Re2 h3 27. c5
h2 28. Re1 hxg1=Q 29. Rxg1 Qh2 30. Be2 Bb5+ 0-1

[Event "Detroit (MCO/A/2b/5)"]
[Site "?"]
[Date "1994.??.??"]
[Round "?"]
[White "Harma, K."]
[Black "Morabito, Matthew"]
[Result "1-0"]
[WhiteElo "1845"]
[BlackElo "1890"]
[PlyCount "85"]
[EventDate "1994.??.??"]

1. e4 e5 2. f4 exf4 3. Nf3 d6 4. Bc4 Be6 5. Bxe6 fxe6 6. d4 g5 7. h4 Be7 8.
Nxg5 Kd7 9. d5 Bxg5 10. dxe6+ Kc8 11. hxg5 Qxg5 12. Qf3 Qg3+ 13. Qxg3 fxg3 14.
O-O Ne7 15. Bg5 Nbc6 16. Rf7 Ng6 17. Nc3 Re8 18. Nd5 Rxe6 19. Rxc7+ Kb8 20. Rg7
a6 21. Rg8+ Ka7 22. Rxa8+ Kxa8 23. Nc7+ Ka7 24. Nxe6 Kb6 25. Be3+ Kb5 26. a4+
Kc4 27. Bd2 Nd4 28. b3+ Nxb3 29. cxb3+ Kxb3 30. Nd4+ Kc4 31. Nf3 Kd3 32. Rb1 b5
33. a5 Kxe4 34. Rxb5 Kd3 35. Rb6 Kc4 36. Rxa6 Ne7 37. Rxd6 Nd5 38. a6 Kb5 39.
a7 Nc7 40. Be3 h5 41. Rb6+ Ka5 42. Rc6 Na8 43. Rc8 1-0

[Event "Detroit (MI Op/3/24)"]
[Site "?"]
[Date "1994.??.??"]
[Round "?"]
[White "Harma, K."]
[Black "Moody, David"]
[Result "1-0"]
[WhiteElo "1845"]
[BlackElo "2000"]
[PlyCount "49"]
[EventDate "1994.??.??"]

{3/(24)} 1. c4 e5 2. Nc3 Nc6 3. Nf3 f5 4. e4 Nf6 5. Nxe5 Nxe5 6. d4 Nc6 7. d5
Ne5 8. f4 Nf7 9. e5 Ng4 10. g3 Bc5 11. Qe2 Nf2 12. Bg2 Nxh1 13. Bxh1 O-O 14.
Bd2 Re8 15. O-O-O a6 16. g4 fxg4 17. Ne4 Bd4 18. Qxg4 Bxe5 19. fxe5 Nxe5 20.
Qg3 d6 21. Rg1 Ng6 22. Ng5 Qf6 23. Be4 h6 24. Nh7 Kxh7 25. Bxg6+ 1-0

[Event "Detroit (MI Op/7/31)"]
[Site "?"]
[Date "1994.??.??"]
[Round "?"]
[White "Harma, K."]
[Black "Brady, Lindell"]
[Result "1-0"]
[WhiteElo "1845"]
[BlackElo "1935"]
[PlyCount "81"]
[EventDate "1994.??.??"]

{7/(31)} 1. Nc3 Nf6 2. e4 e5 3. Nf3 Nc6 4. Bc4 Be7 5. O-O O-O 6. d4 d6 7. d5
Nb8 8. Bg5 Nbd7 9. Re1 Nb6 10. Bd3 h6 11. Bh4 Nh7 12. Bxe7 Qxe7 13. Qe2 a6 14.
Nd1 f5 15. Ne3 f4 16. Nf5 Bxf5 17. exf5 Nxd5 18. Bc4 c6 19. Qd3 Kh8 20. Bxd5
cxd5 21. Qxd5 Rxf5 22. Nd4 Rff8 23. Rad1 Qf7 24. Qxf7 Rxf7 25. Ne6 Re8 26. Rxd6
Rfe7 27. Rxe5 Ng5 28. Nxg5 Rxe5 29. Nf7+ Kh7 30. Nxe5 Rxe5 31. Kf1 Rb5 32. b3
Rc5 33. c4 Ra5 34. a4 b5 35. Rd5 Kg6 36. Ke2 Kf6 37. Kf3 g5 38. h4 Kf7 39. hxg5
hxg5 40. Rxg5 Ke7 41. Rd5 1-0

[Event "Detroit (MOR/1a/10)"]
[Site "?"]
[Date "1994.??.??"]
[Round "?"]
[White "Harlan, K."]
[Black "Serwatowski, Felix"]
[Result "1-0"]
[WhiteElo "1730"]
[BlackElo "1605"]
[PlyCount "129"]
[EventDate "1994.??.??"]

1. e4 e5 2. Nf3 Nc6 3. Bb5 a6 4. Ba4 Nf6 5. Qe2 d6 6. c3 Be7 7. h3 b5 8. Bb3
Na5 9. Bc2 c5 10. d4 cxd4 11. cxd4 Qc7 12. d5 Nb7 13. O-O O-O 14. Be3 Nc5 15.
Rc1 Qd7 16. Nbd2 Bb7 17. b4 Na4 18. Bxa4 bxa4 19. Rc2 Rab8 20. Rac1 Rfc8 21.
Rxc8+ Bxc8 22. Qc4 Qb5 23. Qc7 Bf8 24. a3 Ne8 25. Qc6 Bd7 26. Qxb5 axb5 27. g4
h6 28. Kg2 Nf6 29. Rc7 Rc8 30. Rxc8 Bxc8 31. Nh4 g6 32. f3 Nd7 33. Nb1 Nf6 34.
Nc3 Bd7 35. Kg3 Nh7 36. Ng2 g5 37. Bb6 Be7 38. Ne3 Nf6 39. Nf5 Bf8 40. Bc7 Ne8
41. Bb8 Kh7 42. Ne3 Kg6 43. h4 Nf6 44. h5+ Kh7 45. Nf5 Ne8 46. Ba7 f6 47. Bb6
Kg8 48. Bd8 Kf7 49. Kf2 Kg8 50. Be7 Bxe7 51. Nxe7+ Kh7 52. Nc6 Nc7 53. Ke3 Kg7
54. Kd3 Kf7 55. Na5 Na8 56. Nd1 Nb6 57. Ne3 Ke7 58. Nc6+ Ke8 59. Na7 Na8 60.
Nf5 Bxf5 61. Nxb5 Bd7 62. Nxd6+ Ke7 63. Nf5+ Bxf5 64. gxf5 Kd6 65. Kc4 1-0

[Event "Detroit (MOR/7/6)"]
[Site "?"]
[Date "1994.??.??"]
[Round "?"]
[White "Harlan, K."]
[Black "Libby, Dan"]
[Result "1/2-1/2"]
[WhiteElo "1730"]
[BlackElo "1700"]
[PlyCount "96"]
[EventDate "1994.??.??"]

{7/(6)} 1. e4 d6 2. d4 Nf6 3. Nc3 g6 4. Bg5 Bg7 5. Qd2 h6 6. Bh4 c6 7. O-O-O
O-O 8. f4 b5 9. e5 b4 10. exf6 bxc3 11. Qxc3 exf6 12. Bd3 Bg4 13. Re1 Qd7 14.
h3 Bf5 15. g4 Bxd3 16. Qxd3 a5 17. Rh2 Na6 18. c3 Nc7 19. Rhe2 Rfe8 20. Rxe8+
Rxe8 21. Rxe8+ Qxe8 22. Qe2 Qe6 23. Qxe6 fxe6 24. Ne2 f5 25. gxf5 exf5 26. Bd8
Ne6 27. Bxa5 d5 28. Bb6 Kf7 29. a4 Ke8 30. Kc2 Kd7 31. a5 Bf8 32. Kd3 Bd6 33.
Ke3 Kc8 34. b4 Kb7 35. Bc5 Bc7 36. Be7 g5 37. fxg5 hxg5 38. Kf3 Ka6 39. Ng3 g4+
40. hxg4 fxg4+ 41. Kxg4 Bf4 42. Kf5 Bxg3 43. Kxe6 Be1 44. Kd7 Bxc3 45. Kxc6
Bxd4 46. Kxd5 Bc3 47. Kc6 Bxb4 48. Bxb4 Ka7 1/2-1/2

[Event "Detroit (MOR/3/8)"]
[Site "?"]
[Date "1994.??.??"]
[Round "?"]
[White "Harlan, K."]
[Black "Kane, Paul"]
[Result "1-0"]
[WhiteElo "1730"]
[BlackElo "1605"]
[PlyCount "117"]
[EventDate "1994.??.??"]

{3/(8)} 1. e4 c5 2. Nc3 Nc6 3. f4 d6 4. d3 e6 5. Qe2 Nge7 6. Nf3 g6 7. g3 Bg7
8. Bg2 O-O 9. O-O Rb8 10. Rb1 b5 11. Nd1 a5 12. b3 Qc7 13. Bb2 Nd4 14. Nxd4
cxd4 15. Qd2 b4 16. a3 Nc6 17. a4 Bb7 18. f5 e5 19. Nf2 Rbc8 20. Nh3 Nb8 21. f6
Bh8 22. Qh6 Bxf6 23. Rxf6 Nd7 24. Rbf1 Nxf6 25. Rxf6 Qxc2 26. Ng5 Qd1+ 27. Bf1
Qh5 28. Qxh5 gxh5 29. Rf2 d5 30. Bh3 Rce8 31. Bc1 Kg7 32. Rc2 h6 33. Rc7 Ba8
34. Ne6+ Rxe6 35. Bxe6 dxe4 36. dxe4 Bxe4 37. Bc4 Kg6 38. Ra7 f6 39. Rxa5 h4
40. Rb5 hxg3 41. hxg3 h5 42. Rxb4 Kf5 43. Kf2 Rd8 44. a5 d3 45. Bd2 Ba8 46. a6
e4 47. Rb6 Rd7 48. Be6+ Ke5 49. Bxd7 Bd5 50. Bc6 f5 51. Bxd5 Kxd5 52. a7 Kc5
53. Rf6 h4 54. Rxf5+ Kd4 55. Be3+ Kc3 56. Rc5+ Kb4 57. a8=Q hxg3+ 58. Kxg3 d2
59. Qa4# 1-0

[Event "Detroit (MOR/5/12)"]
[Site "?"]
[Date "1994.??.??"]
[Round "?"]
[White "Harlan, K."]
[Black "Etienne, T."]
[Result "1-0"]
[WhiteElo "1730"]
[BlackElo "1605"]
[PlyCount "147"]
[EventDate "1994.??.??"]

{5/(12)} 1. e4 c6 2. d4 d5 3. exd5 cxd5 4. Bd3 Nf6 5. Bf4 Nc6 6. c3 Bg4 7. Qb3
Qb6 8. Qxb6 axb6 9. Nd2 e6 10. Ngf3 Nd7 11. Ne5 Ncxe5 12. dxe5 Be7 13. Bb5 h6
14. h4 Bd8 15. Nb3 Bc7 16. f3 Bf5 17. g4 Bg6 18. h5 Bh7 19. Bh2 Ke7 20. f4 Nc5
21. Nd2 Bd3 22. c4 dxc4 23. Nxc4 Be4 24. Rg1 Bc6 25. Bxc6 bxc6 26. Ke2 Rhd8 27.
Rgd1 Rxd1 28. Kxd1 b5 29. Ne3 Nd3 30. Kc2 Nb4+ 31. Kb3 Nd5 32. Nxd5+ exd5 33.
Rc1 Kd7 34. Bg1 Ra6 35. a3 Bb6 36. Bxb6 Rxb6 37. Rc5 Ra6 38. Ka2 Ra4 39. b4 Ra6
40. f5 Ra8 41. Rc1 Re8 42. Re1 Ke7 43. Kb2 Rd8 44. Kc2 Ra8 45. Ra1 Kd7 46. Kd3
f6 47. e6+ Kd6 48. Kd4 Ra7 49. Re1 Re7 50. Kc3 Ra7 51. Kb3 Kc7 52. Ra1 Ra4 53.
Kc3 Kd6 54. Kd4 Ra7 55. Rc1 Re7 56. a4 bxa4 57. Ra1 Ra7 58. Ra3 Ra6 59. Kc3 Ra7
60. Kb2 Ra8 61. Rc3 Ra6 62. Ka3 Ra7 63. Rc5 Rb7 64. Kxa4 Rc7 65. Kb3 Rb7 66.
Rc1 Re7 67. Ra1 Rc7 68. Ra8 Ke7 69. Kc3 Rb7 70. Rg8 Kd6 71. Rf8 d4+ 72. Kc4 d3
73. Rd8+ Ke5 74. Rxd3 1-0

[Event "Detroit (MCO/DEU/6/15)"]
[Site "?"]
[Date "1994.??.??"]
[Round "?"]
[White "Haragely, C."]
[Black "Young, L."]
[Result "0-1"]
[WhiteElo "1605"]
[BlackElo "1605"]
[PlyCount "64"]
[EventDate "1994.??.??"]

{6/(15)} 1. e4 d6 2. Nf3 c6 3. Nc3 d5 4. exd5 cxd5 5. Bb5+ Bd7 6. Bxd7+ Qxd7 7.
d3 Nf6 8. h3 e6 9. Be3 Bb4 10. Qd2 O-O 11. O-O Nc6 12. a3 Ba5 13. b4 Bc7 14.
Rfe1 d4 15. Bg5 dxc3 16. Qxc3 Nd5 17. Qb2 e5 18. Nxe5 Bxe5 19. Rxe5 Nxe5 20.
Qxe5 Rae8 21. Qd4 Qf5 22. Bd2 Qf6 23. Qxd5 Qxa1+ 24. Kh2 Re2 25. Bg5 Qe5+ 26.
Qxe5 Rxe5 27. Bf4 Re2 28. f3 Rxc2 29. d4 Rd8 30. Be3 Re8 31. Bg1 Ree2 32. Kg3
Rxg2+ 0-1

[Event "Detroit (MCO/DEU/1a/6)"]
[Site "?"]
[Date "1994.??.??"]
[Round "?"]
[White "Haragely, C."]
[Black "Rucker, Ed"]
[Result "0-1"]
[WhiteElo "1605"]
[BlackElo "1605"]
[PlyCount "72"]
[EventDate "1994.??.??"]

1. e4 c5 2. Nf3 Nc6 3. Nc3 d6 4. d4 Bg4 5. dxc5 dxc5 6. Be2 Qxd1+ 7. Bxd1 e6 8.
O-O Bd6 9. h3 Bxf3 10. Bxf3 Ne5 11. Be2 a6 12. Be3 Nf6 13. Na4 Nfd7 14. Rad1
Bc7 15. Nxc5 Nxc5 16. Bxc5 b6 17. Bd4 O-O 18. f4 Nc6 19. Bf3 Rad8 20. Bc3 Bxf4
21. Rxd8 Rxd8 22. Be2 Be3+ 23. Kh1 b5 24. a3 Nd4 25. Bxd4 Rxd4 26. Bh5 g6 27.
Bf3 Rd2 28. Rc1 e5 29. b4 Rd8 30. c4 Bxc1 31. cxb5 axb5 32. Kh2 Bxa3 33. Be2
Rb8 34. Kg3 Bxb4 35. Kg4 Be7 36. h4 b4 0-1

[Event "Detroit (MCO/DEU/3a/13)"]
[Site "?"]
[Date "1994.??.??"]
[Round "?"]
[White "Haragely, C."]
[Black "Kimura, Daniel"]
[Result "1-0"]
[WhiteElo "1605"]
[BlackElo "1605"]
[PlyCount "81"]
[EventDate "1994.??.??"]

1. e4 e5 2. Nf3 Nc6 3. Bc4 Nf6 4. Nc3 Bb4 5. d3 d6 6. O-O Bg4 7. h3 Bxf3 8.
Qxf3 Nd4 9. Qd1 Bc5 10. Bg5 c6 11. Re1 Bb4 12. a3 Ba5 13. b4 Bb6 14. Qd2 h6 15.
Be3 d5 16. exd5 cxd5 17. Bxd4 Bxd4 18. Bb5+ Nd7 19. Nxd5 Bxa1 20. Rxa1 a6 21.
Ba4 Qg5 22. Qxg5 hxg5 23. Nc7+ Ke7 24. Nxa8 Rxa8 25. Re1 f6 26. d4 b5 27. Bb3
a5 28. dxe5 fxe5 29. c4 bxc4 30. Bxc4 axb4 31. axb4 Ra4 32. Rb1 Kd6 33. Bb5 Nb6
34. Bxa4 Nxa4 35. Kf1 Nc3 36. Rb3 Ne4 37. Rb2 Kc6 38. b5+ Kb6 39. Re2 Nd6 40.
Rxe5 Nf7 41. Rf5 1-0